Chov skotu. (Návody do cvičení) pro posl. agronomické fak.

Bibliographic Details
Main Authors: Mikšík, Jaroslav, 1932- (Author), Chládek, Gustav, 1956- (Author)
Format: Book
Language:Czech
PhysicalDescription:229 s., 8 obr. na príl. 4°
Published: Brno VŠZ 1989
Subjects:

MARC

LEADER 00000nam a2200000 a 4500
001 vtls001332279
003 SK-MaSNL
005 20260301235725.0
008 240314s1989 xr 0 cze
035 |a SNK000285180 
040 |a SNK  |b slo  |c SNK  |e AACR2 
041 0 |a cze 
044 |a CZ 
080 |a 636.2(075.8)(076.5)  |2 1981 
100 1 |a Mikšík, Jaroslav,  |d 1932-  |4 aut  |9 42245 
245 1 0 |a Chov skotu. (Návody do cvičení)  |b pro posl. agronomické fak.  |c Jaroslav Mikšík, Gustav Chládek 
260 |a Brno  |b VŠZ  |c 1989 
300 |a 229 s., 8 obr. na príl.  |c 4° 
650 0 7 |a chov hovädzieho dobytka  |2 SNKPH  |9 57341 
650 0 7 |a hovädzí dobytok  |2 SNKPH  |9 2818 
655 7 |a učebnice vysokých škôl  |2 SNKPH  |9 70191 
655 7 |a praktické cvičenia  |2 SNKPH  |9 70517 
700 1 |a Chládek, Gustav,  |d 1956-  |4 aut  |9 132739 
958 |a RK 
958 |a OND 
999 |c 976352  |d 978282 
952 |t P60, <04>, [BOOK], {604}  |a SNK  |b SNK  |y VYP  |7 0  |o snkIB 63541  |i snkKIP 1055/90  |0 0  |1 0  |4 0  |d 1998-05-26  |l 0  |r 2005-01-02 00:00:00  |w 2026-02-24 
952 |t P60, <04>, [BOOK], {604}  |a SNK  |b SNK  |y VYP  |7 0  |o snkIB 63541 D1  |i snkKIP 1056/90  |0 0  |1 0  |4 0  |d 1998-05-26  |l 0  |r 2005-01-02 00:00:00  |w 2026-02-24